000
00395nam a2200133Ia 4500
008
151001s9999||||xx |||||||||||||| ||und||
100
_a
बा सी आष्टीकर
245
_a
डेथ वॉरंट
250
_a
1
260
_b
बांदोडकर पब्लिशिंग कंपनी मुंबई
260
_c
1982
300
_a
227
365
_b
18
999
_c
964852
_d
964849